000
00310nam a2200121Ia 4500
005
20251222154423.0
008
251222s9999||||xx |||||||||||||| ||spa||
020
_a
84-7758-915-1
082
_a
REF.030/M26
100
_a
"Martà Pons, Manuel"
245
0
_a
Nueva enciclopedia temética Biblos 2000
942
_c
LIB
999
_c
36096
_d
36096